000 00625nam a2200229Ia 4500
003 OSt
005 20220928102010.0
006 a|||||r|||| 00| 0
007 ta
008 220927b |||||||| |||| 00| 0 eng d
024 _a54672
037 _cTextual
040 _aSDCL
_cSDCL
_beng
041 _2eng
_aeng
082 _aV58y7N21, K8
100 _aSakharov Andrei D
_9396128
245 0 _aProgress, coexistence and intellectual freedom.
260 _aMiddlesex
_bPenguin Books
_c1968
300 _a136p.
_ccm.
942 _hV58y7N21, K8
_cTEXL
_2CC
999 _c711838
_d711838